| 000 | 00366nam a2200145Ia 4500 | ||
|---|---|---|---|
| 008 | 230312s9999||||xx |||||||||||||| ||und|| | ||
| 020 | _a0-672-32093-2 | ||
| 082 |
_a005.72 _bSAM |
||
| 245 | 0 | _aTeach Yourself XML in 21 Days | |
| 260 |
_bSAMS _aUSA _c2001 |
||
| 300 | _a507 | ||
| 546 | _aEng. | ||
| 650 |
_aComputer _vBasics of Markup, Putting XML TO work |
||
| 942 | _cBK | ||
| 999 |
_c3037 _d3037 |
||